1128 1783 1942 1627 1404 1646 1904 1228 1769 1599 1482 1711 1994 1731 1676 1559 1656 1498 1562 1149 1383 1304 1378 1062 1697 1062 1760 1502 1030 1875 1167 1511 1777 1421 1134 1305 1367 1805 1141 1892 1528 1018 1727 1039 1754 1464 1349 1745 1985 1464 1737 1636 1379 1849 1307 1359 1694 1123 1898 1177 1077 1572 1616 1552 1482 1719 1785 1323 1796 1685 1912 1939 1421 1025 1225 1970 1845 1730 1858 1061 1297 1558 1135 1246 1052 1034 1975 1569 1035 1714 1799 1564 1224 1103 1575 1421 1946 1956 1860 BCNSPRNW ULIB Ver.6.0+V

เปลี่ยนเป็นภาษาไทย

Change to English
 แสดงรายละเอียดบรรณานุกรม
  กลับหน้าหลัก

Brief Record : Get Marc (ISO 2709) : E-mail record : QR code < ปิดหน้าต่าง
LEADER : 00000nam 2200000uu 4500
001    13399114086
003     ULIB
008    120216s2544||||th 000 0 tha d
020    ^a9742940983
060 04 ^aWA395^bส764ร 2544
245 00 ^aรวมปาฐกถาและข้อเสนอเพื่อการกระจายอำนาจด้านสุขภาพ /^cกองบรรณาธิการ, สุณี วงศ์คงคาเทพ, บำรุง ตนะวัฒนา
250    ^aพิมพ์ครั้งที่ 1
260    ^aนนทบุรี :^bสำนักงานโครงการปฏิรูประบบบริการสาธารณสุข,^c2544
300    ^a64 หน้า ;^c21 ซม.
440  0 ^aเอกสารชุดวิชาการ"การกระจายอำนาจด้านสุขภาพ" ;^vฉบับที่ 6
500    ^aเวทีวิชาการปฏิรูประบบบริการสุขภาพไทย ครั้งที่ 2เรื่องการกระจายอำนาจสุขภาพไทย วันที่ 23-25 มกราคม 2544 ณ ศูนย์การประชุมแห่งชาติสิริกิติ์ คลองเตย กรุงเทพฯ จัดโดย สำนักงานโครงการปฏิรูประบบบริการสาธารณสุข
650  7 ^aปาฐกถา
650  7 ^aสาธารณสุข, การบริการ^vปาฐกถา
653    ^aการกระจายอำนาจด้านสุขภาพ^vปาฐกถา
700 0  ^aสุณี วงศ์คงคาเทพ,^eบรรณาธิการ
700 0  ^aบำรุง ตนะวัฒนา,^eบรรณาธิการ
710 2  ^aสำนักงานโครงการปฏิรูประบบบริการสาธารสุข
711 2  ^aเวทีวิชาการปฏิรูประบบบริการสุขภาพไทย^n(ครั้งที่ 2 :^d2544:^cกรุงเทพฯ)
945    ^p0^l0^i9799
995    ^aกัณชพร
999    ^aใช้งานได้ทุกระบบ
รายการนี้ยังไม่มีแท็ก
คุณยังไม่ได้ล็อกอิน คุณสามารถมีกิจกรรมร่วมกับเว็บไซต์ได้ แต่ต้องล็อกอินก่อน ::
  ล็อกอิน

รายการสื่อสารสนเทศ

ลำดับที่ ประเภท เลขเรียก/บาร์โค้ด สถานที่ สถานะ
- ไม่พบข้อมูล -

รายการใกล้เคียง
    หัวเรื่อง [ปาฐกถา]

BibComment


ยังไม่เคยถูกคอมเมนท์

คอมเมนท์ทรัพยากรรายการนี้
  คอมเมนท์: รวมปาฐกถาและข้อเ..


 Copyright 2026. Bcnsprnw @Library